| 000 | 01291cam a2200397 a 4500 | ||
|---|---|---|---|
| 001 | 8196 | ||
| 003 | FISKH | ||
| 005 | 20250902082450.0 | ||
| 008 | 990107r19991997nyu c 000 1 eng | ||
| 010 | _a 99011465 | ||
| 020 | _a0385327188 | ||
| 020 | _a9780440863663 | ||
| 020 | _a9780385327183 | ||
| 035 | _a1212092 | ||
| 040 |
_aDLC _cDLC _dDLC _beng |
||
| 050 | 0 | 0 |
_aPZ7.W6957 _bLo 1999 |
| 082 | _a823.914 | ||
| 100 | 1 | _aWilson, Jacqueline. | |
| 245 | 1 | 4 |
_aThe Lottie project / _cJacqueline Wilson ; illustrations by Nick Sharratt. |
| 260 |
_aNew York : _bDelacorte Press, _c1999. |
||
| 300 |
_a203 pages : _b20 cm |
||
| 336 |
_atext _btxt _2rdacontent |
||
| 337 |
_aunmediated _bn _2rdamedia |
||
| 338 |
_avolume _bnc _2rdacarrier |
||
| 505 | _aR | ||
| 520 | _aStarting a new school year, everything is "easy-peasy, simple-pimple" for Charlie until her strict teacher assigns a tough school project and Charlie's mother loses her job. | ||
| 521 | 8 |
_a780
_bLexile |
|
| 521 | 8 |
_aR
_bRaz-Plus |
|
| 650 | 1 |
_aMothers and daughters _xFiction. |
|
| 650 | 1 |
_aSingle-parent families _xFiction. |
|
| 650 | 1 |
_aSchools _xFiction. |
|
| 700 | 1 |
_aSharratt, Nick, _eillustrator |
|
| 906 |
_a7 _bcbc _corignew _d1 _eocip _f19 _gy-gencatlg |
||
| 942 |
_2ddc _cBK _n0 |
||
| 999 |
_c8196 _d8196 |
||